000 00553nam a22001937a 4500
003 NUST
005 20230126142743.0
008 190701b ||||| |||| 00| 0 eng d
038 _aMr. Zahoor
082 _a510
100 _aArif, Azqa
_916138
245 _aSymplectic Effective Order Partitioned Runge - Kutta Methods
_cAzqa Arif
260 _aIslamabad :
_bSNS - NUST
_c2018.
300 _avi, 63 p.: ill, ;
_c30cm.
500 _aHardcover.
650 _aMathematics - MS Thesis
_916139
700 _aDr. Yousaf Habib
_916140
942 _2ddc
_cTHE
999 _c525325
_d525325